Online
Catalog

Facundo en su laberinto : (Record no. 39940)

MARC details
000 -CABECERA
campo de control de longitud fija 00739nam a2200193 a 4500
001 - NÚMERO DE CONTROL
campo de control 000040450
005 - FECHA Y HORA DE LA ÚLTIMA TRANSACCIÓN
campo de control 20201002034134.0
008 - DATOS DE LONGITUD FIJA--INFORMACIÓN GENERAL
campo de control de longitud fija 130802s2007 mx 000 0 spa d
020 ## - NÚMERO INTERNACIONAL ESTÁNDAR DEL LIBRO
Número Internacional Estándar del Libro 9789703247677
040 ## - FUENTE DE LA CATALOGACIÓN
Centro catalogador/agencia de origen DO-SdBNP
Lengua de catalogación spa
Centro/agencia transcriptor BNPHU
100 1# - ENTRADA PRINCIPAL--NOMBRE DE PERSONA
Nombre de persona Pérez Martínez, Héctor,
9 (RLIN) 66747
245 10 - MENCIÓN DE TÍTULO
Título Facundo en su laberinto :
Resto del título notas para un ensayo sobre La linterna mágica /
Mención de responsabilidad, etc. Héctor Pérez Martínez ; presentación de Silvia Molina.
260 ## - PUBLICACIÓN, DISTRIBUCIÓN, ETC.
Lugar de publicación, distribución, etc. México :
Nombre del editor, distribuidor, etc. Universidad Nacional Autónoma de México,
Fecha de publicación, distribución, etc. 2007.
300 ## - DESCRIPCIÓN FÍSICA
Extensión 47 p. ;
Dimensiones 16 cm.
490 1# - MENCIÓN DE SERIE
Mención de serie Pequeños grandes ensayos
Designación de volumen o secuencia 49
700 1# - PUNTO DE ACCESO ADICIONAL--NOMBRE DE PERSONA
Nombre de persona Molina, Silvia
9 (RLIN) 66748
710 2# - PUNTO DE ACCESO ADICIONAL--NOMBRE DE ENTIDAD CORPORATIVA
Nombre de entidad corporativa o nombre de jurisdicción como elemento de entrada Universidad Nacional Autónoma de México
9 (RLIN) 42447
830 #0 - PUNTO DE ACCESO ADICIONAL DE SERIE-TÍTULO UNIFORME
Título uniforme Pequeños grandes ensayos
Designación de volumen o secuencia 49
9 (RLIN) 66274
Holdings
Estado de retiro Estado de pérdida Restricciones de uso No para préstamo Código de colección Localización permanente Ubicación/localización actual Ubicación en estantería Fecha de adquisición Número de inventario Total de préstamos Signatura topográfica completa Código de barras Fecha visto por última vez Precio válido a partir de Tipo de ítem Koha Número de copia
      Excluido de préstamo Monografías: Libros y Folletos General General En catalogación 26.08.2013 LF1   40450-10 25.06.2020 25.06.2020 No se presta  
      Excluido de préstamo Monografías: Libros y Folletos General General En catalogación 26.08.2013 LF1   40450-20 25.06.2020 25.06.2020 No se presta e. 2
      Excluido de préstamo Monografías: Libros y Folletos General General En catalogación 26.08.2013 LF1   40450-30 25.06.2020 25.06.2020 No se presta e. 3

Powered by Koha